| 000 | 00557nam a2200181Ia 4500 | ||
|---|---|---|---|
| 003 | GCL | ||
| 008 | 140319s9999 xx 000 0 ara d | ||
| 040 |
_aGCL / _cGCL |
||
| 082 | 0 | 4 |
_a658.531 _bف ا |
| 100 | 1 | _aفينارد، ادوارد | |
| 245 | 1 | 0 |
_aادارة اعمال الطاقة الكهربائية / _cفينارد، ادوارد |
| 700 | 1 | _aمحمد عبدالرحمن الحيدر (مترجم) | |
| 300 | _a460 ص | ||
| 490 | _a | ||
| 650 | 0 | 4 | _aادارة الاعمال |
| 650 | 0 | 4 | _aالطاقة الكهربائية |
| 942 |
_2ddc _cBK |
||
| 999 |
_c41933 _d41933 |
||